000 00496nam a2200217Ia 4500
003 OSt
005 20221006151821.0
006 a|||||r|||| 00| 0
007 ta
008 221006b |||||||| |||| 00| 0 hin d
024 _a23,496
037 _cTextual
040 _aEASL
_cEASL
_bhin
041 _2hin
_ahin
100 _aBAVAD-YAO S
_9660064
245 0 _aBal sipahi Chad Ka-j
300 _ap.
_ccm.
650 _aHL
942 _cTEXL
_2CC
999 _c1091582
_d1091582